Performance art : (Record no. 31196)
[ view plain ]
| 000 -LEADER | |
|---|---|
| fixed length control field | 02144cam a2200397 i 4500 |
| 001 - CONTROL NUMBER | |
| control field | ocn1528038596 |
| 003 - CONTROL NUMBER IDENTIFIER | |
| control field | EG-ScBUE |
| 005 - DATE AND TIME OF LATEST TRANSACTION | |
| control field | 20260505100030.0 |
| 008 - FIXED-LENGTH DATA ELEMENTS--GENERAL INFORMATION | |
| fixed length control field | 250612s2025 enka f b 001 0 eng d |
| 020 ## - INTERNATIONAL STANDARD BOOK NUMBER | |
| International Standard Book Number | 9780500204689 |
| 035 ## - SYSTEM CONTROL NUMBER | |
| System control number | (OCoLC)ocn1528038596 |
| 040 ## - CATALOGING SOURCE | |
| Original cataloging agency | UKMGB |
| Language of cataloging | eng |
| Description conventions | rda |
| Transcribing agency | UKMGB |
| Modifying agency | OCLCO |
| -- | YDX |
| -- | OCLCO |
| -- | GRU |
| -- | IND |
| -- | BTS |
| -- | EG-ScBUE |
| 082 04 - DEWEY DECIMAL CLASSIFICATION NUMBER | |
| Classification number | 709.040755 |
| Edition number | 22 |
| Item number | GOL |
| 100 1# - MAIN ENTRY--PERSONAL NAME | |
| Personal name | Goldberg, RoseLee, |
| Relator term | author. |
| 245 10 - TITLE STATEMENT | |
| Title | Performance art : |
| Remainder of title | from futurism to the present / |
| Statement of responsibility, etc | RoseLee Goldberg. |
| 250 ## - EDITION STATEMENT | |
| Edition statement | Fourth edition. |
| 264 #1 - PUBLICATION, DISTRIBUTION, ETC. (IMPRINT) | |
| Place of publication, distribution, etc | London : |
| Name of publisher, distributor, etc | Thames and Hudson, |
| Date of publication, distribution, etc | 2025. |
| 300 ## - PHYSICAL DESCRIPTION | |
| Extent | 383 pages : |
| Other physical details | illustrations (some colour) ; |
| Dimensions | 21 cm. |
| 336 ## - CONTENT TYPE | |
| Content type term | text |
| Content type code | txt |
| Source | rdacontent |
| 336 ## - CONTENT TYPE | |
| Content type term | still image |
| Content type code | sti |
| Source | rdacontent |
| 337 ## - MEDIA TYPE | |
| Media type term | unmediated |
| Media type code | n |
| Source | rdamedia |
| 338 ## - CARRIER TYPE | |
| Carrier type term | volume |
| Carrier type code | nc |
| Source | rdacarrier |
| 340 ## - PHYSICAL MEDIUM | |
| Source | rdacc |
| 340 ## - PHYSICAL MEDIUM | |
| Source | rdaill |
| 490 0# - SERIES STATEMENT | |
| Series statement | World of art |
| 500 ## - GENERAL NOTE | |
| General note | Previous edition: 2011. |
| 500 ## - GENERAL NOTE | |
| General note | "First published in 1988"--title page verso. |
| 504 ## - BIBLIOGRAPHY, ETC. NOTE | |
| Bibliography, etc | Includes bibliographical references and index. |
| 505 0# - FORMATTED CONTENTS NOTE | |
| Formatted contents note | Futurism -- Russian Futurism and Constructivism -- Dada -- Surrealism -- Bauhaus -- Living Art c. 1933 to the 1970s -- The Art of Ideas and the Media Generation 1968 to 2000 -- The First Decade of the New Century 2001 to 2010: Global Performance -- The Second Decade 2011 to 2022: New Dimensions, New Technologies |
| 520 ## - SUMMARY, ETC. | |
| Summary, etc | "Performance Art is a pioneering history of one of the most important art forms to emerge in modern times. Now in its fourth edition, it has been completely updated to reflect on performance in an age where digital technologies are increasingly dominant, and where live art stands out as an antidote to the overwhelming effects of our media world. Renowned art historian and curator RoseLee Goldberg explains the worldwide phenomenon of performance art, and outlines developments in the medium through to the second decade of the twenty-first century"--From page [4] of cover. |
| 650 #7 - SUBJECT ADDED ENTRY--TOPICAL TERM | |
| Topical term or geographic name as entry element | Performance art. |
| Source of heading or term | BUEsh |
| 650 #7 - SUBJECT ADDED ENTRY--TOPICAL TERM | |
| Topical term or geographic name as entry element | Performance art |
| General subdivision | History. |
| Source of heading or term | BUEsh |
| 653 ## - INDEX TERM--UNCONTROLLED | |
| Arrived date list | May2026 |
| Resource For college | Arts and Design |
| 655 ## - INDEX TERM--GENRE/FORM | |
| Form subdivision | Reading book |
| 942 ## - ADDED ENTRY ELEMENTS (KOHA) | |
| Source of classification or shelving scheme | Dewey Decimal Classification |
| Koha item type | Book - Borrowing |
| Withdrawn status | Lost status | Source of classification or shelving scheme | Damaged status | Not for loan | Collection code | Home library | Current library | Shelving location | Date acquired | Source of acquisition | Cost, normal purchase price | Serial Enumeration / chronology | Total Checkouts | Full call number | Barcode | Date last seen | Cost, replacement price | Price effective from | Koha item type |
|---|---|---|---|---|---|---|---|---|---|---|---|---|---|---|---|---|---|---|---|
| Dewey Decimal Classification | Baccah | Central Library | Central Library | Second Floor | 05/05/2026 | Purchase | 1206.00 | 40254 | 709.040755 GOL | 000057634 | 05/05/2026 | 1507.50 | 05/05/2026 | Book - Borrowing |